000 00970nam a2200277 i 4500
003 DO-SdBNP
005 20260422132448.0
007 ta
008 260422b2007 dr ||||| |||| 00| 0 spa d
040 _aDO-SdBNP
_bspa
_cBNPHU
_erda
041 _aspa
082 4 _axxx
_bA162e
_222
100 1 _aAbréu, Diógenes,
_d1959-
_eautor
_4aut.
_989391
245 1 0 _aEngañifas :
_bdiscurso intelectual y práctica social (ensayos críticos) /
_cDió-genes Abréu.
264 4 _aSanto Domingo, República Dominicana :
_bMediabyte, S. A.,
_c2007.
300 _a328 páginas ;
_c23 cm.
336 _atexto
_btxt
_2rdacontent
337 _asin mediación
_bn
_2rdamedia
338 _avolumen
_bnc
_2rdacarrier
500 _aIncluye referencias bibliográficas y notas al pie de las páginas
500 _aIncluye datos biográficos del autor en las solapas
504 _aBibliografía: páginas 319-328
590 _aInventariado, 2026 /LP
910 _aLP
942 _2ddc
_cLBS1
999 _c60601
_d60601